Histoire du mouvement social en France, 1852-1902 /

Bibliographic Details
Main Author: Weill, Georges, 1865-1944
Format: Book
Language:French
Published: Paris : F. Alcan, 1904.
Series:Bibliotheque d'histoire contemporaine.
Subjects:

MARC

Tag First Indicator Second Indicator Subfields
LEADER 00000cam a2200000 i 4500
001 in00000074299
005 20151008052551.0
008 791025s1904 fr b 00110 fre
010 |a  08012162  
035 |a (OCoLC)05587520 
035 |9 AAH3916AM 
040 |a DLC  |c NYG  |d TXA  |d UtOrBLW 
049 |a TXAM  |c [193395] 
050 0 0 |a HN425  |b .W5 
092 |a 331.0944  |b W422h 
100 1 |a Weill, Georges,  |d 1865-1944. 
245 1 0 |a Histoire du mouvement social en France, 1852-1902 /  |c par Georges Weill. 
264 1 |a Paris :  |b F. Alcan,  |c 1904. 
300 |a 494 pages ;  |c 23 cm. 
336 |a text  |b txt  |2 rdacontent 
337 |a unmediated  |b n  |2 rdamedia 
338 |a volume  |b nc  |2 rdacarrier 
490 1 |a Bibliotheque d'histoire contemporaine 
500 |a Includes index. 
504 |a "Bibliography: pages [473]-480." 
650 0 |a Working class  |z France. 
650 0 |a Labor laws and legislation  |z France. 
650 0 |a Socialism  |z France. 
651 0 |a France  |x Social conditions. 
650 0 |a Labor movement  |z France. 
650 0 |a Labor  |z France. 
830 0 |a Bibliotheque d'histoire contemporaine. 
999 |a MARS 
999 f f |s aace071a-3d31-33f2-9feb-ab1c6960332e  |i e8a3d61e-78a0-354f-a661-320e9b2719a4  |t 0 
952 f f |p ric  |a Texas A&M University  |b Rellis Campus  |c Joint Library Facility  |d Remote Storage  |t 0  |e HN425 .W5  |h Library of Congress classification  |i unmediated -- volume  |m A14800713113 
998 f f |a HN425 .W5  |t 0  |l Remote Storage